| 000 | 00571cam a22002054a 4500 | ||
|---|---|---|---|
| 020 | _a0072348925 | ||
| 040 | _cDLC | ||
| 082 | 0 | 0 | _a332 HIL 2001 A075 Or. |
| 100 | 1 | _aSaunders, Anthony, | |
| 245 | 1 | 0 |
_aFinancial markets and institutions : _ba modern perspective / |
| 260 |
_aBoston : _bMcGraw-Hill/Irwin, _cc2001. |
||
| 300 |
_axxiv, 723 p. : _bill. ; _c28 cm. |
||
| 650 | 0 | _aSecurities | |
| 650 | 0 | _aStock exchanges | |
| 650 | 0 | _aFinancial institutions | |
| 650 | 0 | _aRate of return | |
| 650 | 0 | _aInterest rates | |
| 700 | 1 | _aCornett, Marcia Millon. | |
| 942 | _cEK | ||
| 999 |
_c15304 _d15304 |
||